000 00358nam a2200157Ia 4500
003 OSt
005 20240220121312.0
008 170524s9999 xx 000 0 und d
020 _a 978-9352606603
040 _cIIMT UNIVERSITY
100 _aKennedy/Davis
245 0 _aElectronic Communication System
260 _bTMH
260 _c2008
942 _2ddc
_c02
999 _c5033
_d5033